Normal view
MARC view
- Dr, Faisal Shafat.
Entry Personal Name
001 - CONTROL NUMBER
- control field: 19296
003 - CONTROL NUMBER IDENTIFIER
- control field: NUST
005 - DATE AND TIME OF LATEST TRANSACTION
- control field: 20190817064242.0
008 - FIXED-LENGTH DATA ELEMENTS
- fixed length control field: 190817|| aca||aabn | a|a d
040 ## - CATALOGING SOURCE
- Original cataloging agency: NUST
- Transcribing agency: NUST
100 ## - HEADING--PERSONAL NAME
- Personal name: Dr, Faisal Shafat.
670 ## - SOURCE DATA FOUND
- Source citation: Work cat.: (NUST): Mubasher, Muhammad Khan 19294, Urdu Handwriting Recongnition using Deep Learning /, 2018.
